书目信息 |
| 题名: |
中华大家唱
|
|
| 作者: | ||
| 分册: | ||
| 出版信息: | 成都 四川文艺出版社 1991 |
|
| 页数: | 148页 | |
| 开本: | 19cm | |
| 丛书名: | ||
| 单 册: | ||
| 中图分类: | J642.5 | |
| 科图分类: | 48.9525 | |
| 主题词: | 流行歌曲--中国--现代--选集 | |
| 电子资源: | ||
| ISBN: | 7-5411-0811-1 | |
| 000 | 00590nam0 2200217 45 | |
| 001 | 0193040131 | |
| 005 | 20070724082509.98 | |
| 010 | @a7-5411-0811-1@dCNY2.60 | |
| 100 | @a19930921d1991 em y0chiy0121 ea | |
| 101 | 0 | @achi |
| 102 | @aCN@b510000 | |
| 105 | @ay z 000yy | |
| 200 | 10 | @a中华大家唱@AZHONG HUA DA JIA CHANG |
| 210 | @a成都@c四川文艺出版社@d1991 | |
| 215 | @a148页@d19cm | |
| 540 | 1 | @a中华 大家唱@AZHONG HUA DA JIA CHANG |
| 606 | @a流行歌曲@y中国@z现代@x选集 | |
| 690 | @aJ642.5@v三版 | |
| 692 | @a48.9525 | |
| 801 | 0 | @aCN@bTSSF@c20070724 |
| 905 | @a10447@dJ642.5@e216 | |
| 中华大家唱.-成都:四川文艺出版社,1991 |
| 148页;19cm |
| ISBN 7-5411-0811-1:CNY2.60 |
| ● |
| 相关链接 |
|
|
|
|
正题名:中华大家唱
索取号:J642.5/216
 
预约/预借
| 序号 | 登录号 | 条形码 | 馆藏地/架位号 | 状态 | 备注 |
| 1 | 0768640 | 207686404 | 第一样本阅览室/ [索取号:J642.5/216] | 在馆 |